Eishockey: NHL-Teams nach Stadt - Statistiken

Allgemein
  • Dieses Quiz wurde 4.976 mal gespielt
    2.431 seit der letzten Aktualisierung
  • Das Durchschnittsergebnis liegt bei 22 aus 32
Antwortstatistiken
Stadt/Region Team % Korrekt
Edmonton Oilers
90%
Anaheim Ducks
89%
Boston Bruins
84%
New York R{angers}
82%
New York I{slanders}
78%
San Jose Sharks
77%
Calgary Flames
76%
Florida Panthers
76%
Pittsburgh Penguins
76%
Dallas Stars
76%
Los Angeles Kings
70%
Detroit Red Wings
70%
Tampa Bay Lightning
69%
Toronto Maple Leafs
69%
Vancouver Canucks
68%
Ottawa Senators
68%
Chicago Blackhawks
67%
Washington Capitals
66%
Winnipeg Jets
66%
Buffalo Sabres
66%
Montreal Canadiens
65%
Colorado Avalanche
64%
New Jersey Devils
64%
St. Louis Blues
63%
Philadelphia Flyers
62%
Las Vegas Golden Knights
62%
Nashville Predators
62%
Carolina Hurricanes
61%
Seattle Kraken
61%
Minnesota Wild
61%
Columbus Blue Jackets
53%
Utah Mammoth
37%
Keine übereinstimmenden Quizze gefunden
Verteilung der Resultate
Anzahl Personen mit jedem Resultat
Perzentil nach korrekt beantworteten Fragen
Ihre Resultats-Entwicklung
Sie haben dieses Quiz seit der letzten Aktualisierung nicht gespielt